000 00356 a2200169 4500
001 186690
020 _a85-329-0346-0
040 _cMagnum
100 _aAzevedo, Alexandre
240 1 0 _aA banda da floresta
_lpor
245 1 0 _aA banda da floresta
300 _a24
362 0 _a1996
440 1 _aLĂȘ
697 _aLITERATURA INFANTIL
942 _cBK
999 _c186690
_d186690